Animated Disney Movies by Picture - Statistics

General Stats
  • This quiz has been taken 31 times
  • The average score is 14 of 16
Answer Stats
Picture Answer % Correct
The Little Mermaid
100%
Frozen
96%
Moana
96%
The Lion King
96%
Aladdin
93%
Cinderella
93%
Snow White
93%
Tangled
93%
Toy Story
93%
Zootopia
89%
Beauty and the Beast
86%
Lilo and Stitch
86%
Encanto
82%
Hercules
82%
Big Hero 6
75%
Sleeping Beauty
71%
No matching quizzes found
Score Distribution
Percent of People with Each Score
Percentile by Number Answered
Your Score History
You have not taken this quiz